10 to 1: US Cities IV Quiz Stats

 Plays Quiz Updated Jun 26, 2017

Support Sporcle.
Go Orange.
Score 0/55 Timer 08:00
11 Plays Today
% Correct
Dallas
96.8%
El Paso
95%
Houston
94.8%
Fort Worth
94.4%
Amarillo
93.7%
San Antonio
93.3%
Philadelphia
93%
Pittsburgh
92.6%
Oklahoma City
91.9%
Minneapolis
91.7%
Honolulu
91.6%
Corpus Christi
91%
Kahului
90.1%
St. Paul
88.9%
Kihei
88.7%
Galveston
88.6%
Harrisburg
88.4%
Hilo
87.4%
Lincoln
86.8%
Omaha
86.6%
Tulsa
86.3%
Allentown
85.8%
Topeka
85.7%
Scranton
84.1%
Wichita
83.4%
Lubbock
81.6%
Plano
80.7%
Minnetonka
80.4%
% Correct
Erie
79.2%
Biloxi
79.1%
Bethlehem
78.4%
Duluth
77.9%
Concord
77.8%
Reading
77.1%
St. Cloud
76.7%
Gulfport
75.1%
Burlington
73.5%
Norman
71.6%
Broken Arrow
68.4%
Tupelo
66.4%
Pearl City
65.2%
North Platte
63%
Altoona
62.7%
Manchester
61.5%
Vicksburg
60.8%
Eden Prairie
59.4%
Overland Park
53.9%
Lawton
53.1%
Kearney
51%
Edmond
50.5%
Maple Grove
45.8%
Eagan
45%
Grand Island
39.9%
Bellevue
39.5%
Yukon
25.6%

You're not logged in!

Compare scores with friends on all Sporcle quizzes.
OR
Log In
Forgot?

From the Vault

MLB RBI Leaders by Team (2000s)

by caramba

They say there is no 'I' in team, but there sure is in RBI!
Remove Ads.
Support Sporcle.
Get the best of Sporcle when you Go Orange. This ad-free experience offers more features, more stats, and more fun while also helping to support Sporcle. Thank you for becoming a member.

Show Comments

Extras

Top Quizzes Today


Score Distribution

Your Account Isn't Verified!

In order to create a playlist on Sporcle, you need to verify the email address you used during registration. Go to your Sporcle Settings to finish the process.

Report this User

Report this user for behavior that violates our Community Guidelines.

Details: